000 00560nam a2200229Ia 4500
003 OSt
005 20220924153055.0
006 a|||||r|||| 00| 0
007 ta
008 220923b |||||||| |||| 00| 0 guj d
024 _a346640
037 _cTextual
040 _aARTS
_cARTS
_bguj
041 _2guj
_aguj
082 _aO156,3N09,4, J7
100 _aMehta
_9100223
245 0 _aVahi jati jhelam
260 _c1957
650 _aGUJRATI LITERATURE
942 _hO156,3N09,4, J7
_cTEXL
_2CC
999 _c472181
_d472181